000 00423nam a22001817a 4500
003 OSt
005 20250401120220.0
008 250401b |||||||| |||| 00| 0 eng d
020 _a9789393050410
082 _a8H3
_bLEXC
100 _aLexicon Books
245 _aChanakya Neeti : Sutra sahit
260 _aGurugram
_bLexicon Books
300 _a200p.
546 _aHindi
651 _aHindi Fiction
942 _2ddc
_cBK
999 _c3743
_d3743